=LDR 00000nam 2200000 4500 =001 INLIS000000000013872 =005 20130612105208 =008 ***********************************Ind** =035 ##$$0010-061300000013872 =041 ##$$a Ind =082 ##$$a 664 =090 ##$$a 664, Sus k =100 ##$$a Susetyo, Rachmat =245 ##$$a Kiat menghasilkan sereh wangi kualitas atas, Rachmat Susetyo, Reny Haryati, SE =260 ##$$a 2004 $b Jakarta =300 ##$$a 80 hlm, Ilus, 21 cm =650 ##$$a Minyak sereh =700 ##$$a Haryati, Reny =850 ##$$a NBPNMAT